|
|
|
|
| LEADER |
03660nam a22003973i 4500 |
| 001 |
EBC6695156 |
| 003 |
MiAaPQ |
| 005 |
20231204023217.0 |
| 006 |
m o d | |
| 007 |
cr cnu|||||||| |
| 008 |
231204s2014 xx o ||||0 ger d |
| 020 |
|
|
|a 9783839422786
|q (electronic bk.)
|
| 020 |
|
|
|z 9783837622782
|
| 035 |
|
|
|a (MiAaPQ)EBC6695156
|
| 035 |
|
|
|a (Au-PeEL)EBL6695156
|
| 035 |
|
|
|a (OCoLC)885021970
|
| 040 |
|
|
|a MiAaPQ
|b eng
|e rda
|e pn
|c MiAaPQ
|d MiAaPQ
|
| 100 |
1 |
|
|a Vorländer, Hans.
|
| 245 |
1 |
0 |
|a Demokratie und Transzendenz :
|b Die Begründung politischer Ordnungen.
|
| 250 |
|
|
|a 1st ed.
|
| 264 |
|
1 |
|a Bielefeld :
|b transcript,
|c 2014.
|
| 264 |
|
4 |
|c {copy}2013.
|
| 300 |
|
|
|a 1 online resource (535 pages)
|
| 336 |
|
|
|a text
|b txt
|2 rdacontent
|
| 337 |
|
|
|a computer
|b c
|2 rdamedia
|
| 338 |
|
|
|a online resource
|b cr
|2 rdacarrier
|
| 490 |
1 |
|
|a Edition Politik ;
|v v.12
|
| 505 |
0 |
|
|a Cover -- Inhalt -- Vorwort -- Demokratie und Transzendenz Politische Ordnungen zwischen Autonomiebehauptung und Unverfügbarkeitspraktiken -- KONZEPTIONELLE UND SYSTEMATISCHE PERSPEKTIVEN -- Das religiös-kulturelle Dispositiv der modernen Politik -- Macht und Autorität Das Problem der (Un)Verfügbarkeit -- Abschied von der normativen Transzendenz Rortys Moderne -- Basiskonsens und Willensnation Die Kontingenz des Unverfügbaren und das Modell der Schweiz -- Brauchen Demokratien eine Zivilreligion? Über die prekären Grundlagen republikanischer Ordnung Überlegungen im Anschluss an Jean-Jacques Rousseau -- BEGRÜNDUNGSDISKURSE DES 16.-21. JAHRHUNDERTS -- Zwischen Selbstermächtigung und Endlichkeitsbewusstsein Das Politische und seine Grenzen im florentinischen Republikanismus -- Zwischen sakraler Legitimation und politischer Säkularisierung Die Monarchie in England und Frankreich im späten 17. Jahrhundert im Vergleich -- Politische Tugenden bei Hobbes -- Zur Kritik liberaler Ordnungsentwürfe Bernard de Mandeville, Adam Smith, Karl Marx und Alexis de Tocqueville -- Naturerzählungen und republikanische Geltungsbedingungen bei Rousseau -- Die Tugend, der Markt, das Fest und der Krieg Über die problematische Wiederkehr vormoderner Gemeinsinnserwartungen in der Postmoderne -- DEMOKRATISCHE ORDNUNGEN IN GRÜNDUNGS-, KRISEN- UND UMBRUCHSZEITEN -- Das Sakrale im Zeitalter seiner politischen Reproduktion Die Französische Revolution zwischen Verfassungsfest und Missionierungskrieg -- Verfassung, Vertrag und Monarchie Der Prozess der Verfassunggebung in Württemberg (1815-1819) -- Der Volksstaat als Selbstverständlichkeit Friedrich Naumann und die Begründung der Weimarer Republik -- Rechtsgeltung Dekonstruktion und Konstruktion in den Umbrüchen nach 1933 und 1945 -- Die Willensnation Schweiz im Spannungsfeld konkurrierender Transzendenzbezüge.
|
| 505 |
8 |
|
|a Ordnungsbegründung als politisch-kultureller Deutungskampf Der Verfassungsdiskurs im demokratischen Polen nach 1989 -- Von der Gründung zur Begründung? Über die Rolle der Imagination im globalen Konstitutionalismus -- Autorenverzeichnis.
|
| 588 |
|
|
|a Description based on publisher supplied metadata and other sources.
|
| 590 |
|
|
|a Electronic reproduction. Ann Arbor, Michigan : ProQuest Ebook Central, 2023. Available via World Wide Web. Access may be limited to ProQuest Ebook Central affiliated libraries.
|
| 655 |
|
4 |
|a Electronic books.
|
| 776 |
0 |
8 |
|i Print version:
|a Vorländer, Hans
|t Demokratie und Transzendenz
|d Bielefeld : transcript,c2014
|z 9783837622782
|
| 797 |
2 |
|
|a ProQuest (Firm)
|
| 830 |
|
0 |
|a Edition Politik
|
| 856 |
4 |
0 |
|u https://ebookcentral.proquest.com/lib/matrademy/detail.action?docID=6695156
|z Click to View
|